Cases and applications in LOTUS 1-2-3 with HAL

Bibliographic Details
Main Author: Holt, Jack A.
Format: Book
Published: New Delhi : Galgotia Publications , 1990
Edition:2nd.ed.
Subjects:

MARC

LEADER 00000cam a2200000 7i4500
001 0000004322
002 000004644
005 20000330.0
020 |a T000000351 
090 0 0 |a 650.02855369   |b HOL 
100 1 |a Holt, Jack A. 
245 1 0 |a Cases and applications in LOTUS 1-2-3 with HAL   |c Jack A.Holt 
250 |a 2nd.ed. 
260 |a New Delhi :   |b Galgotia Publications ,   |c 1990 
300 |a 322p. ;   |c 28cm. 
650 0 0 |a Lotus 1-2-3 with HAL   |x Computer spreadsheets 
999 |a 031377   |b BUKU   |c PINJAMAN   |e PERPUSTAKAAN KOMUNITI PETALING JAYA 
999 |a 031378   |b BUKU   |c PINJAMAN   |e PERPUSTAKAAN KOMUNITI PETALING JAYA